000 00644nam a2200229Ia 4500
005 20260320201800.0
008 008 262003s9999 xx 000 0 eng d
037 _aEBOOK
040 _aCRL
040 _beng
040 _cCRL
041 _2eng
041 _aeng
084 _qCRL
100 _aLedin
_91135918
245 0 _aArchitecting High-Performance Embedded Systems: Design and build high-performance real-time digital systems based on FPGAs and custom circuits
260 _bIEEE
856 _uhttps://ieeexplore.ieee.org/servlet/opac?bknumber=10162417
942 _cEBOOK
999 _c1723505
_d1723505